[Event "Mittelfrank Regionalliga Sud-Ost 2122"]
[Site "Mittelfranken"]
[Date "2021.11.14"]
[Round "2.1"]
[White "Hiermann, Dietmar"]
[Black "Parashchenko, Oleg"]
[Result "1-0"]
[WhiteElo "2157"]
[BlackElo "2155"]
[PlyCount "59"]
[EventDate "2021.10.24"]
[EventType "team-tourn"]
[EventRounds "9"]
[EventCountry "GER"]
[SourceTitle "EXT 2024"]
[Source "ChessBase"]
[SourceDate "2023.10.10"]
[SourceVersion "1"]
[SourceVersionDate "2023.10.10"]
[SourceQuality "1"]
[WhiteTeam "Passau II"]
[BlackTeam "Freising"]
[WhiteTeamCountry "GER"]
[BlackTeamCountry "GER"]

1. e4 e5 2. Nf3 Nc6 3. Bc4 Bc5 4. c3 Nf6 5. d3 a6 6. Nbd2 Ba7 7. Bb3 d6 8. Nf1 h6 9. Ng3 0-0 10. 0-0 Re8 11. Qe2 Be6 12. Bd2 Qd7 13. Bxe6 Qxe6 14. h3 Rad8 15. c4 Bc5 16. Rab1 b5 17. b4 Nd4 18. Nxd4 Bxd4 19. Nf5 bxc4 20. dxc4 c6 21. Rb3 d5 22. Rg3 Nxe4 23. Rxg7+ Kh8 24. Qg4 Rg8 25. Bxh6 Ng3 26. Rxg8+ Rxg8 27. Bg7+ Kh7 28. Qh4+ Kg6 29. Qxg3+ Kxf5 30. Qg4# 1-0

[Event "Landesliga Sued 1920"]
[Site "Bayern"]
[Date "2020.02.09"]
[Round "6.1"]
[White "Parashchenko, Oleg"]
[Black "Schuster, Karsten"]
[Result "1/2-1/2"]
[WhiteElo "2157"]
[BlackElo "2275"]
[PlyCount "64"]
[EventDate "2019.09.29"]
[EventType "team-tourn"]
[EventRounds "9"]
[EventCountry "GER"]
[SourceTitle "EXT 2021"]
[Source "ChessBase"]
[SourceDate "2020.10.23"]
[SourceVersion "1"]
[SourceVersionDate "2020.10.23"]
[SourceQuality "1"]
[WhiteTeam "Freising"]
[BlackTeam "Groebenzell"]
[WhiteTeamCountry "GER"]
[BlackTeamCountry "GER"]

1. e4 c6 2. d4 d5 3. exd5 cxd5 4. c4 Nf6 5. Nc3 Nc6 6. Nf3 Bg4 7. cxd5 Nxd5 8. Qb3 Bxf3 9. gxf3 e6 10. Qxb7 Nxd4 11. Bb5+ Nxb5 12. Qc6+ Ke7 13. Qxb5 Qd7 14. Nxd5+ Qxd5 15. Qxd5 exd5 16. Be3 Ke6 17. Rc1 Bb4+ 18. Ke2 Rhc8 19. Kd3 a6 20. h3 Rab8 21. Ba7 Ra8 22. Bd4 f6 23. a3 Bd6 24. b4 Kf5 25. Be3 Be5 26. Rhe1 g5 27. Re2 Rxc1 28. Bxc1 Rc8 29. Rc2 Rxc2 30. Kxc2 Ke6 31. Kd3 Kd6 32. Be3 Kc6 1/2-1/2

[Event "Bayern-ch"]
[Site "Rosenheim"]
[Date "2017.08.21"]
[Round "2"]
[White "Parashchenko, Oleg"]
[Black "Boehme, Markus"]
[Result "1-0"]
[WhiteElo "2139"]
[BlackElo "2040"]
[PlyCount "62"]
[EventDate "2017.08.20"]
[EventType "swiss"]
[EventRounds "9"]
[EventCountry "GER"]
[SourceTitle "EXT 2019"]
[Source "ChessBase"]
[SourceDate "2018.10.10"]
[SourceVersion "1"]
[SourceVersionDate "2018.10.10"]
[SourceQuality "1"]

1. e4 c6 2. d4 d5 3. exd5 cxd5 4. c4 Nf6 5. Nc3 Nc6 6. Nf3 Be6 7. c5 g6 8. Bb5 Bg7 9. 0-0 0-0 10. h3 Ne4 11. Be3 Qc7 12. Qa4 Rfd8 13. Rfd1 a6 14. Be2 f5 15. Ng5 Nxg5 16. Bxg5 f4 17. f3 b5 18. cxb6 Qxb6 19. Kh1 Nxd4 20. Bxe7 Re8 21. Ba3 Red8 22. Rd2 Nb5 23. Bxb5 axb5 24. Qxb5 Qxb5 25. Nxb5 Bd7 26. Nd4 Rdc8 27. Bb4 Rc4 28. Bc3 Raa4 29. Ne2 d4 30. b3 dxc3 31. Rxd7 Rxa2 1-0

[Event "Landesliga Sued 1617"]
[Site "Bayern"]
[Date "2017.04.30"]
[Round "9.5"]
[White "Parashchenko, Oleg"]
[Black "Lautner, Josef"]
[Result "0-1"]
[WhiteElo "2066"]
[BlackElo "2176"]
[PlyCount "100"]
[EventDate "2016.10.16"]
[EventType "team-tourn"]
[EventRounds "9"]
[EventCountry "GER"]
[SourceTitle "EXT 2019"]
[Source "ChessBase"]
[SourceDate "2018.10.10"]
[SourceVersion "1"]
[SourceVersionDate "2018.10.10"]
[SourceQuality "1"]
[WhiteTeam "Freising"]
[BlackTeam "Roehrnbach"]
[WhiteTeamCountry "GER"]
[BlackTeamCountry "GER"]

1. e4 Nf6 2. e5 Nd5 3. c4 Nb6 4. c5 Nd5 5. Bc4 c6 6. Nc3 e6 7. d4 b6 8. cxb6 axb6 9. Nge2 Be7 10. 0-0 0-0 11. Ne4 Ba6 12. Bb3 c5 13. Re1 Nc6 14. dxc5 Nxe5 15. Bxd5 exd5 16. Qxd5 Nd3 17. Rd1 Nb4 18. Qh5 bxc5 19. N2c3 g6 20. Qe5 f6 21. Qg3 d5 22. a3 Nd3 23. Rxd3 Bxd3 24. Qxd3 dxe4 25. Qxe4 Rf7 26. Be3 Rb8 27. Rd1 Qc8 28. Nd5 Bf8 29. b4 cxb4 30. axb4 Kh8 31. g3 Bg7 32. Bc5 Qc6 33. Qc4 Rd7 34. Rd3 f5 35. Nb6 Rxd3 36. Qxd3 h6 37. h4 h5 38. Nd7 Ra8 39. f3 Ra1+ 40. Kg2 Qa4 41. Nb6 Qa2+ 42. Bf2 Qb2 43. g4 Ra2 44. Qe3 Qxf2+ 45. Qxf2 Rxf2+ 46. Kxf2 Bd4+ 47. Kg3 Bxb6 48. Kf4 Bc7+ 49. Kg5 hxg4 50. fxg4 f4 0-1

[Event "Landesliga Sued 1415"]
[Site "Bayern"]
[Date "2014.12.07"]
[Round "4.3"]
[White "Sailer, Wolfgang"]
[Black "Parashchenko, Oleg"]
[Result "1-0"]
[WhiteElo "2074"]
[BlackElo "2066"]
[PlyCount "69"]
[EventDate "2014.10.19"]
[EventType "team-tourn"]
[EventRounds "9"]
[EventCountry "GER"]
[SourceTitle "EXT 2018"]
[Source "ChessBase"]
[SourceDate "2017.10.13"]
[SourceVersion "1"]
[SourceVersionDate "2017.10.13"]
[SourceQuality "1"]
[WhiteTeam "Ingolstadt"]
[BlackTeam "Freising"]
[WhiteTeamCountry "GER"]
[BlackTeamCountry "GER"]

1. d4 d5 2. c4 e6 3. Nf3 c5 4. cxd5 exd5 5. g3 Nc6 6. Bg2 Nf6 7. Nc3 Be7 8. 0-0 0-0 9. Bg5 c4 10. Ne5 Be6 11. Nxc6 bxc6 12. b3 Qa5 13. Na4 Rac8 14. e3 Rfd8 15. Bxf6 gxf6 16. Qh5 c5 17. dxc5 Bxc5 18. Rfd1 Ba3 19. Be4 h6 20. Rd4 cxb3 21. axb3 Bb2 22. b4 Bxd4 23. bxa5 Bxa1 24. Bd3 Kg7 25. h4 d4 26. Nc5 f5 27. Nxe6+ fxe6 28. e4 Rc3 29. exf5 Rxd3 30. Qg6+ Kf8 31. Qf6+ Ke8 32. fxe6 Rd6 33. Qf7+ Kd8 34. e7+ Kd7 35. e8Q# 1-0

[Event "Oberliga Nord O 1213"]
[Site "Germany"]
[Date "2013.04.14"]
[Round "9.8"]
[White "Rutschke, Bernhard"]
[Black "Parashchenko, Oleg"]
[Result "0-1"]
[WhiteElo "2067"]
[BlackElo "2132"]
[PlyCount "108"]
[EventDate "2012.10.17"]
[EventType "team-tourn"]
[EventRounds "9"]
[EventCountry "GER"]
[SourceTitle "EXT 2015"]
[Source "ChessBase"]
[SourceDate "2014.11.20"]
[SourceVersion "1"]
[SourceVersionDate "2014.11.20"]
[SourceQuality "1"]
[WhiteTeam "Ruedersdorf"]
[BlackTeam "Greifswald"]
[WhiteTeamCountry "GER"]
[BlackTeamCountry "GER"]

1. e4 e5 2. Nf3 Nc6 3. Bc4 Bc5 4. 0-0 Nf6 5. Re1 d6 6. c3 Bg4 7. d3 0-0 8. Nbd2 a6 9. Bb3 Ba7 10. h3 Bh5 11. Nf1 d5 12. Qe2 d4 13. Ng3 Bg6 14. Bg5 h6 15. Bd2 Nh5 16. Nxh5 Bxh5 17. g4 Bg6 18. Kg2 Bc5 19. a4 Qd7 20. Bd5 Rfe8 21. b4 dxc3 22. Bxc3 Nxb4 23. Nxe5 Qd6 24. Nc4 Qxd5 25. Bxb4 Bxb4 26. exd5 Rxe2 27. Rxe2 Bxd3 28. Rb2 Bc3 29. Rc1 Bxb2 30. Nxb2 Be4+ 31. Kg3 Bxd5 32. Rxc7 Bc6 33. Kf4 Re8 34. Nd3 Re4+ 35. Kg3 Rxa4 36. Nc5 Ra3+ 37. Kh2 Rf3 38. Nxb7 Rxf2+ 39. Kg3 Rg2+ 40. Kf4 g5+ 41. Ke5 Bxb7 42. Rxb7 Rg3 43. Rb6 Kg7 44. Rxa6 Rxh3 45. Ra4 Rf3 46. Ra2 Rf4 47. Rg2 Kg6 48. Rg1 f6+ 49. Ke6 h5 50. gxh5+ Kxh5 51. Kf7 g4 52. Rh1+ Kg5 53. Kg7 g3 54. Rh6 Kg4 0-1

[Event "Mecklenburg VP-ch"]
[Site "Greifswald"]
[Date "2011.10.31"]
[Round "7.2"]
[White "Dettmann, Gerd"]
[Black "Parashchenko, Oleg"]
[Result "1/2-1/2"]
[WhiteElo "2151"]
[BlackElo "2104"]
[PlyCount "180"]
[EventDate "2011.10.28"]
[EventType "swiss"]
[EventRounds "7"]
[EventCountry "GER"]
[SourceTitle "EXT 2022"]
[Source "ChessBase"]
[SourceDate "2021.10.06"]
[SourceVersion "1"]
[SourceVersionDate "2021.10.06"]
[SourceQuality "1"]

1. e4 e5 2. Nf3 Nc6 3. Bb5 Nf6 4. 0-0 Nxe4 5. d4 Nd6 6. Bxc6 dxc6 7. dxe5 Nf5 8. Qxd8+ Kxd8 9. b3 a5 10. Nc3 Bb4 11. Ne4 a4 12. a3 Bf8 13. b4 h6 14. h3 h5 15. Bb2 c5 16. bxc5 Bd7 17. Rfe1 Rh6 18. Rad1 Ke8 19. Nfg5 Be7 20. Nxf7 Rg6 21. e6 Rxe6 22. Ne5 Bc8 23. Nd3 Kf7 24. Nf4 Rc6 25. Nxh5 Bxc5 26. Nf4 Be7 27. Re2 Nd6 28. Nd5 Bd8 29. Nb4 Rb6 30. Be5 Be6 31. Bxd6 cxd6 32. Nxd6+ Kf6 33. Rd4 g5 34. Ne4+ Kf7 35. c3 Be7 36. g4 Rd8 37. Nc5 Rxd4 38. cxd4 Bxc5 39. dxc5 Rb5 40. Rc2 Bb3 41. Rc3 Ke6 42. h4 gxh4 43. f4 Bd1 44. g5 Kf5 45. Nd5 Rb1 46. Kf2 Bb3 47. Ne7+ Kxf4 48. g6 Rb2+ 49. Kg1 Re2 50. c6 Rxe7 51. c7 Be6 52. c8Q Bxc8 53. Rxc8 Kf5 54. Rc4 Kxg6 55. Rxa4 Rh7 56. Kh2 Kf5 57. Kh3 Ke5 58. Rb4 Kd5 59. a4 Kc5 60. Rb5+ Kc6 61. Rb4 Rh6 62. Rb2 Kc7 63. Rb1 Kb8 64. Rb5 Ka7 65. Re5 Ka6 66. a5 Rc6 67. Kxh4 Rc4+ 68. Kg3 Ra4 69. Kf3 Rxa5 70. Re6+ Kb5 71. Ke2 Ra6 72. Re7 Rb6 73. Kd2 Kb4 74. Kc2 Ka3 75. Re8 Rh6 76. Ra8+ Kb4 77. Rg8 b5 78. Rg3 Rh1 79. Kb2 Rh2+ 80. Kb1 Ka4 81. Rf3 b4 82. Rg3 Rd2 83. Rh3 Kb5 84. Kc1 Re2 85. Kb1 Kc4 86. Rh4+ Kb3 87. Rh3+ Ka4 88. Rg3 b3 89. Rg8 Re4 90. Kb2 Re2+ 1/2-1/2

[Event "Mecklenburg VP-ch"]
[Site "Greifswald"]
[Date "2011.10.30"]
[Round "6.3"]
[White "Luther, Alexander"]
[Black "Parashchenko, Oleg"]
[Result "0-1"]
[WhiteElo "1917"]
[BlackElo "2104"]
[PlyCount "106"]
[EventDate "2011.10.28"]
[EventType "swiss"]
[EventRounds "7"]
[EventCountry "GER"]
[SourceTitle "EXT 2022"]
[Source "ChessBase"]
[SourceDate "2021.10.06"]
[SourceVersion "1"]
[SourceVersionDate "2021.10.06"]
[SourceQuality "1"]

1. e4 e5 2. Nf3 Nc6 3. d4 exd4 4. Bc4 Nf6 5. e5 d5 6. Bb5 Ne4 7. Nxd4 Bd7 8. Bxc6 Bxc6 9. Nxc6 bxc6 10. 0-0 Bc5 11. Qg4 Qe7 12. Nc3 Nxc3 13. bxc3 0-0 14. Re1 f6 15. e6 Rab8 16. Be3 Bxe3 17. Rxe3 f5 18. Qa4 f4 19. Ree1 Rb6 20. c4 d4 21. Qxa7 f3 22. Qa5 c5 23. Re5 Rxe6 24. Rxe6 Qxe6 25. gxf3 Qxc4 26. Qd2 Rxf3 27. a4 Rf6 28. Qd3 Qf7 29. a5 Rg6+ 30. Kf1 Qd5 31. Qb3 Qxb3 32. cxb3 Ra6 33. Ke2 Kf7 34. Kd3 Ke6 35. Kc4 Kd6 36. Kb5 Ra8 37. Rc1 Rb8+ 38. Ka4 Kc6 39. Ra1 Rb4+ 40. Ka3 Kb5 41. Rc1 c4 42. bxc4+ Kxa5 43. f4 g6 44. h4 h5 45. Rg1 Rxc4 46. Rxg6 d3 47. Rg5+ c5 48. Rd5 Rc3+ 49. Kb2 Kb4 50. Rg5 Rc2+ 51. Kb1 c4 52. f5 Rf2 53. Rg1 Kb3 0-1

[Event "Mecklenburg VP-ch"]
[Site "Greifswald"]
[Date "2011.10.30"]
[Round "5.5"]
[White "Parashchenko, Oleg"]
[Black "Buss, Stephan"]
[Result "1-0"]
[WhiteElo "2104"]
[BlackElo "1920"]
[PlyCount "29"]
[EventDate "2011.10.28"]
[EventType "swiss"]
[EventRounds "7"]
[EventCountry "GER"]
[SourceTitle "EXT 2022"]
[Source "ChessBase"]
[SourceDate "2021.10.06"]
[SourceVersion "1"]
[SourceVersionDate "2021.10.06"]
[SourceQuality "1"]

1. e4 c6 2. d4 d5 3. exd5 cxd5 4. c4 Nc6 5. Nc3 dxc4 6. d5 Ne5 7. Qd4 Nd3+ 8. Bxd3 cxd3 9. Nf3 h6 10. 0-0 Nf6 11. Bf4 Qa5 12. Rfe1 Bd7 13. Ne5 d2 14. Qxd2 Qb6 15. Nc4 1-0